[Event "Nordstrand GP"]
[Site "Oslo"]
[Date "2016.04.15"]
[Round "3"]
[White "Lund, Gunnar"]
[Black "Reppen, Sigmund"]
[Result "1-0"]
[WhiteElo "1907"]
[BlackElo "2022"]
[PlyCount "65"]
[EventDate "2016.04.15"]
[EventType "swiss"]
[EventRounds "5"]
[EventCountry "NOR"]
[SourceTitle "EXT 2018"]
[Source "ChessBase"]
[SourceDate "2017.10.13"]
[SourceVersion "1"]
[SourceVersionDate "2017.10.13"]
[SourceQuality "1"]

1. e4 e5 2. Nf3 Nc6 3. Bc4 Nf6 4. d3 Be7 5. c3 d6 6. Nbd2 0-0 7. Nf1 Na5 8. Bb5 a6 9. Ba4 b5 10. Bc2 c5 11. Ng3 Nc6 12. 0-0 g6 13. h3 Ne8 14. d4 Qc7 15. d5 Nb8 16. a4 bxa4 17. Bxa4 f5 18. exf5 gxf5 19. Ng5 Bxg5 20. Bxg5 Qg7 21. f4 Bd7 22. Bc2 e4 23. Nh5 Qg6 24. c4 Ng7 25. Nxg7 Kxg7 26. Ra3 h6 27. Be7 Re8 28. Qe1 Kh7 29. Rg3 Qxg3 30. Qxg3 Rxe7 31. Qh4 Rg7 32. Kh2 Ra7 33. Re1 1-0

[Event "Nordstrand GP"]
[Site "Oslo"]
[Date "2016.04.15"]
[Round "2"]
[White "Reppen, Sigmund"]
[Black "Kvendseth, Cornelius"]
[Result "0-1"]
[WhiteElo "2022"]
[BlackElo "1865"]
[PlyCount "108"]
[EventDate "2016.04.15"]
[EventType "swiss"]
[EventRounds "5"]
[EventCountry "NOR"]
[SourceTitle "EXT 2018"]
[Source "ChessBase"]
[SourceDate "2017.10.13"]
[SourceVersion "1"]
[SourceVersionDate "2017.10.13"]
[SourceQuality "1"]

1. e4 c5 2. Nf3 Nc6 3. Bb5 g6 4. 0-0 Bg7 5. c3 d6 6. d4 cxd4 7. cxd4 Bd7 8. Nc3 a6 9. Be2 Nf6 10. d5 Ne5 11. Nd4 Rc8 12. Nc2 0-0 13. Ne3 Qb6 14. Kh1 Be8 15. f4 Ned7 16. Nc4 Qb4 17. a3 Qc5 18. Be3 Qc7 19. Bd4 b5 20. Ne3 e5 21. dxe6 fxe6 22. Bf3 Bf7 23. Rc1 e5 24. Ne2 Qb7 25. Bc3 Nxe4 26. fxe5 Nxe5 27. Bxe5 Bxe5 28. Rxc8 Rxc8 29. Ng4 Bg7 30. Nc3 d5 31. Bxe4 dxe4 32. Nf6+ Bxf6 33. Rxf6 Re8 34. Qd4 e3 35. Rf1 Qc7 36. Nd5 Bxd5 37. Qxd5+ Kg7 38. Qd4+ Qe5 39. Qxe5+ Rxe5 40. g3 Rd5 41. Re1 Rd2 42. Rxe3 Rxb2 43. Re7+ Kh6 44. Ra7 Ra2 45. Rxa6 b4 46. Rb6 bxa3 47. Ra6 Kg5 48. h3 Kf5 49. Ra4 Ke5 50. Kg1 Kd5 51. h4 Kc5 52. Ra7 Kd4 53. Rxh7 Rb2 54. Rd7+ Ke4 0-1

[Event "Oslo op-B"]
[Site "Oslo"]
[Date "2014.09.28"]
[Round "3"]
[White "Erikstad, Olav Age"]
[Black "Reppen, Sigmund"]
[Result "1-0"]
[WhiteElo "1832"]
[BlackElo "2069"]
[PlyCount "101"]
[EventDate "2014.09.28"]
[EventType "swiss"]
[EventRounds "9"]
[EventCountry "NOR"]
[SourceTitle "EXT 2017"]
[Source "ChessBase"]
[SourceDate "2016.10.25"]
[SourceVersion "1"]
[SourceVersionDate "2016.10.25"]
[SourceQuality "1"]

1. e4 e5 2. Nf3 Nc6 3. Nc3 Nf6 4. Bb5 d6 5. 0-0 Bg4 6. d3 Be7 7. Nd5 a6 8. Nxf6+ gxf6 9. Bc4 Nd4 10. Nxe5 Be6 11. Bxe6 Nxe6 12. Nf3 Qd7 13. Nh4 0-0-0 14. Nf5 h5 15. b4 Rdg8 16. a4 Bd8 17. Be3 Rg6 18. c4 Ng7 19. Qf3 Nxf5 20. Qxf5 Qxf5 21. exf5 Rg7 22. h4 Rg4 23. g3 Re8 24. Bf4 Kd7 25. Rfe1 Rgg8 26. Kf1 d5 27. Rxe8 Rxe8 28. cxd5 Be7 29. Rc1 Bd6 30. Bxd6 Kxd6 31. Re1 Rg8 32. Re4 Kxd5 33. Re7 Rg4 34. b5 Rxa4 35. bxa6 bxa6 36. Rxc7 Ke5 37. Rc5+ Kd6 38. Rc4 Ra1+ 39. Kg2 a5 40. g4 hxg4 41. h5 Re1 42. Rc8 Kd7 43. Ra8 Re8 44. Ra7+ Kd6 45. Kg3 Rg8 46. Rxa5 Rg5 47. Kh4 Ke7 48. h6 Rg8 49. Ra7+ Kd6 50. Rxf7 Ke5 51. h7 1-0

[Event "Oslo op-B"]
[Site "Oslo"]
[Date "2014.09.28"]
[Round "1"]
[White "Nilsen, Tobias Lang"]
[Black "Reppen, Sigmund"]
[Result "1/2-1/2"]
[WhiteElo "1652"]
[BlackElo "2069"]
[PlyCount "120"]
[EventDate "2014.09.28"]
[EventType "swiss"]
[EventRounds "9"]
[EventCountry "NOR"]
[SourceTitle "EXT 2017"]
[Source "ChessBase"]
[SourceDate "2016.10.25"]
[SourceVersion "1"]
[SourceVersionDate "2016.10.25"]
[SourceQuality "1"]

1. e4 e5 2. Nf3 Nc6 3. Bb5 a6 4. Ba4 Nf6 5. 0-0 Be7 6. Re1 b5 7. Bb3 d6 8. h3 0-0 9. c3 Na5 10. Bc2 c5 11. d4 Qc7 12. Nbd2 cxd4 13. cxd4 Nc6 14. d5 Nb4 15. Bb1 a5 16. Nf1 Bd7 17. a3 Na6 18. Be3 Nc5 19. Bxc5 Qxc5 20. Bd3 Rfc8 21. Rc1 Qb6 22. Qd2 Nh5 23. Qe3 Bd8 24. Qxb6 Bxb6 25. Ne3 Nf4 26. Bf1 g6 27. Kh2 Bxe3 28. fxe3 Nh5 29. g4 Nf6 30. Bd3 h6 31. Nd2 Kf8 32. Nb3 a4 33. Na1 Ke7 34. Nc2 Rc7 35. Nb4 Rac8 36. Rxc7 Rxc7 37. Re2 g5 38. Rc2 Rxc2+ 39. Nxc2 Kd8 40. Kg3 Kc7 41. Ne1 Kb6 42. Nc2 Ne8 43. Kf2 Ka5 44. Ke2 Nf6 45. Kf3 Ne8 46. Ke2 Nc7 47. Nb4 f6 48. Kd2 Kb6 49. Kc3 Be8 50. Be2 Kc5 51. Nd3+ Kb6 52. Nb4 Ka5 53. Bf3 Bd7 54. Be2 Kb6 55. Bd1 Ne8 56. Be2 Ng7 57. Bd1 Be8 58. Be2 Bd7 59. Bd1 Be8 60. Be2 Bd7 1/2-1/2

[Event "Gibraltar Masters 6th"]
[Site "Gibraltar"]
[Date "2008.01.31"]
[Round "10"]
[White "Reppen, Sigmund"]
[Black "Hamer, Martyn"]
[Result "1/2-1/2"]
[WhiteElo "2061"]
[BlackElo "1962"]
[PlyCount "70"]
[EventDate "2008.01.22"]
[EventType "swiss"]
[EventRounds "10"]
[EventCountry "ENG"]
[SourceTitle "CBM 122 Extra"]
[Source "ChessBase"]
[SourceDate "2008.03.04"]
[SourceVersion "1"]
[SourceVersionDate "2008.03.04"]
[SourceQuality "1"]

1. e4 Nf6 2. e5 Nd5 3. d4 d6 4. c4 Nb6 5. exd6 exd6 6. Nc3 Be7 7. Nf3 0-0 8. Be2 Bg4 9. b3 Nc6 10. Be3 Re8 11. 0-0 d5 12. c5 Nc8 13. h3 Be6 14. Bf4 a6 15. Re1 Bf6 16. Bf1 N8e7 17. g4 Ng6 18. Bg3 Nh4 19. Nxh4 Bxh4 20. Bg2 Bxg3 21. fxg3 Qd7 22. Qd2 Re7 23. Ne2 f6 24. Nf4 Bf7 25. Rxe7 Nxe7 26. b4 Ng6 27. Re1 Kf8 28. a3 Re8 29. Rxe8+ Kxe8 30. Qe3+ Kf8 31. Kf2 c6 32. Bf3 Qe7 33. Qxe7+ Kxe7 34. a4 Nxf4 35. gxf4 g5 1/2-1/2

[Event "Gibraltar Challengers"]
[Site "Gibraltar"]
[Date "2008.01.23"]
[Round "2"]
[White "Bates, Caspar J"]
[Black "Reppen, Sigmund"]
[Result "0-1"]
[WhiteElo "2190"]
[BlackElo "2061"]
[PlyCount "96"]
[EventDate "2008.01.22"]
[EventType "swiss"]
[EventRounds "5"]
[EventCountry "ENG"]
[SourceTitle "CBM 122 Extra"]
[Source "ChessBase"]
[SourceDate "2008.03.04"]
[SourceVersion "1"]
[SourceVersionDate "2008.03.04"]
[SourceQuality "1"]

1. d4 d5 2. c4 e6 3. Nc3 Be7 4. e3 Nf6 5. Nf3 0-0 6. Bd3 dxc4 7. Bxc4 c5 8. a3 Nc6 9. 0-0 a6 10. dxc5 Bxc5 11. b4 Bd6 12. Bb2 b5 13. Ba2 Bb7 14. Qe2 Rc8 15. Rfd1 Qc7 16. Rac1 Qb8 17. h3 Rfd8 18. Bb1 Ne7 19. e4 Bf4 20. Rxd8+ Rxd8 21. Re1 e5 22. Qc2 Ng6 23. a4 bxa4 24. Qxa4 Qc8 25. Qb3 Qa8 26. Ba2 Nxe4 27. Qxf7+ Kh8 28. Ne2 Rf8 29. Qb3 Ng5 30. Nxf4 Nxf3+ 31. gxf3 Nxf4 32. Bxe5 Nxh3+ 33. Kh2 Ng5 34. Bxg7+ Kxg7 35. Re7+ Kh6 36. Re6+ Kh5 37. f4 Rxf4 38. Qd1+ Nf3+ 39. Kh3 Rh4+ 40. Kg2 Qg8+ 41. Kf1 Rh1+ 42. Ke2 Rxd1 43. Kxd1 Qg1+ 44. Kc2 Nd4+ 45. Kb2 Nxe6 46. Bxe6 Qxf2+ 47. Ka3 Qe3+ 48. Bb3 Bd5 0-1

[Event "Four Nations U20"]
[Site "Oslo"]
[Date "2007.12.02"]
[Round "3"]
[White "Rosberg, Simon"]
[Black "Reppen, Sigmund"]
[Result "1/2-1/2"]
[WhiteElo "2213"]
[BlackElo "2061"]
[PlyCount "78"]
[EventDate "2007.11.30"]
[EventType "team"]
[EventRounds "3"]
[EventCountry "NOR"]
[SourceTitle "CBM 121 Extra"]
[Source "ChessBase"]
[SourceDate "2008.01.10"]
[SourceVersion "1"]
[SourceVersionDate "2008.01.10"]
[SourceQuality "1"]

1. d4 d5 2. c4 e6 3. Nc3 Be7 4. Nf3 Nf6 5. Bg5 h6 6. Bh4 0-0 7. e3 b6 8. cxd5 exd5 9. Bd3 Be6 10. 0-0 c5 11. Rc1 Nbd7 12. Ne5 Nxe5 13. dxe5 Ng4 14. Bg3 f6 15. exf6 Nxf6 16. Bb1 Bd6 17. Rc2 Bxg3 18. hxg3 Qe7 19. Rd2 Rad8 20. Ne2 Bg4 21. Qb3 Bxe2 22. Rxe2 Qf7 23. Rd2 Ne4 24. Bxe4 dxe4 25. Qxf7+ Kxf7 26. Rfd1 Rxd2 27. Rxd2 Ke6 28. Kf1 Rf5 29. Rd8 Rd5 30. Re8+ Kf7 31. Ra8 Rd1+ 32. Ke2 Rb1 33. Rxa7+ Kf8 34. b3 Rb2+ 35. Ke1 Rb1+ 36. Ke2 Rb2+ 37. Ke1 Rb1+ 38. Kd2 Rb2+ 39. Ke1 Rb1+ 1/2-1/2

[Event "Four Nations U20"]
[Site "Oslo"]
[Date "2007.12.01"]
[Round "2"]
[White "Reppen, Sigmund"]
[Black "Macenis, Audrius"]
[Result "1/2-1/2"]
[WhiteElo "2061"]
[BlackElo "2091"]
[PlyCount "96"]
[EventDate "2007.11.30"]
[EventType "team"]
[EventRounds "3"]
[EventCountry "NOR"]
[SourceTitle "CBM 121 Extra"]
[Source "ChessBase"]
[SourceDate "2008.01.10"]
[SourceVersion "1"]
[SourceVersionDate "2008.01.10"]
[SourceQuality "1"]

1. e4 e6 2. d4 d5 3. exd5 exd5 4. Bd3 Bd6 5. Ne2 Ne7 6. 0-0 Bf5 7. Re1 0-0 8. Bg5 f6 9. Bf4 Nbc6 10. c3 Bxd3 11. Qxd3 Ng6 12. Qf3 Nxf4 13. Nxf4 Bxf4 14. Qxf4 Qd7 15. Nd2 Rae8 16. Nf1 Ne7 17. Ne3 Ng6 18. Qf3 c6 19. Nf5 Ne7 20. Nxe7+ Rxe7 21. Kf1 Rfe8 22. Qf4 Kf7 23. Qd2 Qf5 24. Rxe7+ Rxe7 25. Rd1 h5 26. Qd3 Qf4 27. Qg3 Qe4 28. Qd3 Qg4 29. h3 Qf4 30. Qg3 Qe4 31. Qd3 Qe6 32. Qd2 Qf5 33. Qd3 Qf4 34. Qg3 Qxg3 35. fxg3 Kg6 36. Kf2 Kf5 37. Rd3 g5 38. Rf3+ Kg6 39. Rd3 Kf7 40. Rf3 Re4 41. Rd3 f5 42. Rd2 Kf6 43. Rd3 a5 44. Rd1 Re8 45. Rd2 a4 46. Rd1 Re4 47. Rd2 Ke6 48. b3 axb3 1/2-1/2

[Event "Arctic Chess Challenge"]
[Site "Tromsoe"]
[Date "2007.08.10"]
[Round "7"]
[White "Remman, Frank"]
[Black "Reppen, Sigmund"]
[Result "0-1"]
[WhiteElo "1959"]
[BlackElo "2086"]
[PlyCount "48"]
[EventDate "2007.08.04"]
[EventType "swiss"]
[EventRounds "9"]
[EventCountry "NOR"]
[SourceTitle "CBM 119 Extra"]
[Source "ChessBase"]
[SourceDate "2007.09.04"]
[SourceVersion "1"]
[SourceVersionDate "2007.09.04"]
[SourceQuality "1"]

1. Nf3 Nf6 2. c4 e6 3. d4 d5 4. Nc3 Be7 5. Bf4 0-0 6. e3 c5 7. dxc5 Bxc5 8. Qc2 Nc6 9. a3 Qe7 10. b4 Bd6 11. Bg5 h6 12. Bxf6 Qxf6 13. Rd1 Ne5 14. Nd2 Ng4 15. Nde4 dxe4 16. Rxd6 Nxf2 17. Be2 Nxh1 18. Nxe4 Qh4+ 19. Kf1 Qxh2 20. Qd2 f5 21. Rd8 fxe4+ 22. Rxf8+ Kxf8 23. Qd8+ Kf7 24. Qc7+ Qxc7 0-1

[Event "NOR-ch U20 A"]
[Site "Hamar"]
[Date "2007.07.13"]
[Round "8"]
[White "Reppen, Sigmund"]
[Black "Hagen, Brede Andre Larsen"]
[Result "0-1"]
[WhiteElo "2093"]
[BlackElo "2024"]
[PlyCount "49"]
[EventDate "2007.07.07"]
[EventType "swiss"]
[EventRounds "9"]
[EventCountry "NOR"]
[SourceTitle "EXT 2024"]
[Source "ChessBase"]
[SourceDate "2023.10.10"]
[SourceVersion "1"]
[SourceVersionDate "2023.10.10"]
[SourceQuality "1"]

1. e4 e5 2. d4 exd4 3. c3 dxc3 4. Bc4 cxb2 5. Bxb2 Nc6 6. Nf3 Nh6 7. 0-0 d6 8. Re1 Be6 9. Bxe6 fxe6 10. Qb3 Qd7 11. Ng5 Nd8 12. f4 Nhf7 13. Nf3 Nc6 14. Nbd2 Rg8 15. Nc4 0-0-0 16. Rab1 b6 17. Rec1 g5 18. Bf6 d5 19. Bxd8 dxc4 20. Qxc4 Ncxd8 21. Kh1 Kb7 22. fxg5 e5 23. Rc2 Ne6 24. Rbc1 Bc5 25. Qb3 0-1

[Event "Gausdal Classics op"]
[Site "Gausdal"]
[Date "2007.04.21"]
[Round "4"]
[White "Reppen, Sigmund"]
[Black "Guddahl, Viggo"]
[Result "0-1"]
[WhiteElo "2093"]
[BlackElo "2159"]
[PlyCount "82"]
[EventDate "2007.04.18"]
[EventType "swiss"]
[EventRounds "9"]
[EventCountry "NOR"]
[SourceTitle "CBM 117 Extra"]
[Source "ChessBase"]
[SourceDate "2007.05.09"]
[SourceVersion "1"]
[SourceVersionDate "2007.05.09"]
[SourceQuality "1"]

1. d4 Nf6 2. Nf3 e6 3. Bf4 c5 4. c3 Nc6 5. e3 d5 6. Nbd2 Be7 7. h3 a6 8. Bd3 Bd7 9. Rc1 Rc8 10. Ne5 Qb6 11. b3 0-0 12. Bg5 Qd8 13. Bb1 Nxe5 14. dxe5 Ne4 15. Bxe7 Qxe7 16. Nxe4 dxe4 17. Bxe4 Bc6 18. Bxc6 Rxc6 19. 0-0 Qc7 20. f4 Rd8 21. Qe2 c4 22. b4 Rd3 23. Rfd1 Qd7 24. Rxd3 cxd3 25. Qd2 Rc8 26. c4 Rd8 27. Rc3 f6 28. a3 g5 29. g3 fxe5 30. fxe5 h6 31. Kh2 Qh7 32. a4 Qe4 33. b5 axb5 34. axb5 h5 35. c5 h4 36. gxh4 Qxe5+ 37. Kh1 Qxc3 38. Qxc3 d2 39. Kg2 d1Q 40. hxg5 Qd2+ 41. Qxd2 Rxd2+ 0-1

[Event "Gausdal Classics op"]
[Site "Gausdal"]
[Date "2007.04.18"]
[Round "1"]
[White "Hammer, Jon Ludvig"]
[Black "Reppen, Sigmund"]
[Result "1-0"]
[WhiteElo "2346"]
[BlackElo "2093"]
[PlyCount "63"]
[EventDate "2007.04.18"]
[EventType "swiss"]
[EventRounds "9"]
[EventCountry "NOR"]
[SourceTitle "CBM 117 Extra"]
[Source "ChessBase"]
[SourceDate "2007.05.09"]
[SourceVersion "1"]
[SourceVersionDate "2007.05.09"]
[SourceQuality "1"]

1. Nf3 Nf6 2. c4 e6 3. g3 d5 4. b3 Be7 5. Bg2 0-0 6. 0-0 Nbd7 7. Bb2 b6 8. cxd5 exd5 9. d3 Bb7 10. Nc3 Re8 11. Qc2 Nf8 12. e4 dxe4 13. dxe4 Bb4 14. Rad1 Qc8 15. e5 Bxc3 16. Qxc3 Ne4 17. Qc2 Ne6 18. Bh3 h6 19. Nh4 N4g5 20. Bg2 Bxg2 21. Kxg2 Qb7+ 22. f3 Rad8 23. Qe2 c5 24. Nf5 Rxd1 25. Rxd1 Rd8 26. Nd6 Qc6 27. h4 Nh7 28. Kh2 Nhf8 29. f4 Nc7 30. Nf5 Re8 31. Rd6 Qb7 32. Qg4 1-0

[Event "Gausdal Byggern Masters"]
[Site "Gausdal"]
[Date "2006.09.27"]
[Round "4"]
[White "Reppen, Sigmund"]
[Black "Levin, Felix"]
[Result "0-1"]
[WhiteElo "2071"]
[BlackElo "2500"]
[PlyCount "96"]
[EventDate "2006.09.24"]
[EventType "swiss"]
[EventRounds "9"]
[EventCountry "NOR"]
[SourceTitle "CBM 114 Extra"]
[Source "ChessBase"]
[SourceDate "2006.11.03"]
[SourceVersion "1"]
[SourceVersionDate "2006.11.03"]
[SourceQuality "1"]

1. e4 d5 2. exd5 Qxd5 3. Nc3 Qd6 4. d4 Nf6 5. Nf3 a6 6. g3 Nc6 7. Bg2 Bg4 8. d5 Ne5 9. Bf4 Nxf3+ 10. Bxf3 Bxf3 11. Qxf3 e5 12. Bg5 Nd7 13. 0-0-0 Qg6 14. Bd2 f5 15. Rhe1 0-0-0 16. Qe2 Bd6 17. Kb1 h5 18. h4 e4 19. Bg5 Rde8 20. f4 Bb4 21. Qc4 Qd6 22. a3 Bc5 23. Re2 Ba7 24. b4 Nf6 25. Bxf6 gxf6 26. Rg2 Rhg8 27. Ne2 e3 28. Qd3 a5 29. Qxf5+ Kb8 30. c3 axb4 31. axb4 c5 32. Qd3 cxb4 33. c4 Rc8 34. Rc1 Qc5 35. Kb2 Rgd8 36. Ng1 Rd6 37. Kb3 Rxd5 38. Qxd5 Qxd5 39. cxd5 Rxc1 40. Ne2 Rb1+ 41. Kc2 Rf1 42. Rg1 Rxg1 43. Nxg1 f5 44. Kb3 Bc5 45. Ne2 Kc7 46. Kc4 Kd6 47. Nc1 b5+ 48. Kd3 Kxd5 0-1

[Event "Gausdal Byggern Masters"]
[Site "Gausdal"]
[Date "2006.09.24"]
[Round "1"]
[White "Reppen, Sigmund"]
[Black "Rozentalis, Eduardas"]
[Result "0-1"]
[WhiteElo "2071"]
[BlackElo "2605"]
[PlyCount "76"]
[EventDate "2006.09.24"]
[EventType "swiss"]
[EventRounds "9"]
[EventCountry "NOR"]
[SourceTitle "CBM 114 Extra"]
[Source "ChessBase"]
[SourceDate "2006.11.03"]
[SourceVersion "1"]
[SourceVersionDate "2006.11.03"]
[SourceQuality "1"]

1. e4 e6 2. Qe2 c5 3. f4 Nc6 4. Nf3 g6 5. g3 Bg7 6. c3 Nge7 7. d3 d5 8. Bg2 b5 9. 0-0 b4 10. e5 a5 11. Be3 bxc3 12. bxc3 d4 13. Bf2 0-0 14. c4 Rb8 15. a4 Rb4 16. Be1 Rb3 17. Nfd2 Rb2 18. Na3 Nb4 19. Bf2 Na2 20. Nb5 Qb6 21. Qe1 Nb4 22. Qe2 Nf5 23. Rfb1 Rc2 24. Rb3 Rd8 25. g4 Ne3 26. Bxe3 dxe3 27. Qxe3 Bb7 28. Bxb7 Qxb7 29. Ne4 g5 30. Qf3 Kf8 31. Nxg5 Qxf3 32. Nxf3 Rxd3 33. Rxd3 Nxd3 34. Nd6 Rb2 35. Ng5 Nxf4 36. Nxh7+ Ke7 37. Nc8+ Kd7 38. Nd6 Bxe5 0-1

[Event "NOR-ch op"]
[Site "Oslo"]
[Date "2006.04.14"]
[Round "7"]
[White "Reppen, Sigmund"]
[Black "Hagesaether, Ellen"]
[Result "1/2-1/2"]
[WhiteElo "2043"]
[BlackElo "2226"]
[PlyCount "84"]
[EventDate "2006.04.08"]
[EventType "swiss"]
[EventRounds "9"]
[EventCountry "NOR"]
[SourceTitle "CBM 111 Extra"]
[Source "ChessBase"]
[SourceDate "2006.05.09"]
[SourceVersion "1"]
[SourceVersionDate "2006.05.09"]
[SourceQuality "1"]

1. e4 d6 2. d4 g6 3. Nc3 Bg7 4. f4 a6 5. Nf3 b5 6. Bd3 Nd7 7. 0-0 c5 8. dxc5 Nxc5 9. Qe2 Nxd3 10. cxd3 e6 11. Be3 Nf6 12. Kh1 0-0 13. Rac1 Bb7 14. Rc2 Qd7 15. Rfc1 b4 16. Nd1 Rfc8 17. b3 Rxc2 18. Rxc2 Rc8 19. Nb2 Rxc2 20. Qxc2 Qc6 21. Qxc6 Bxc6 22. Nd4 Ba8 23. h3 Nh5 24. Kh2 Nxf4 25. Bxf4 Bxd4 26. Nc4 d5 27. exd5 Bxd5 28. Bd6 Bc3 29. Ne3 Bc6 30. Nc2 Bb5 31. Nxb4 a5 32. a4 Bxb4 33. Bxb4 Bxd3 34. Bxa5 Bc2 35. Bc3 Bxb3 36. a5 Bc4 37. Bf6 h6 38. h4 Kf8 39. Kg3 Ke8 40. Kf4 Kd7 41. Ke5 Kc6 42. Bg7 h5 1/2-1/2

[Event "NOR-ch op"]
[Site "Oslo"]
[Date "2006.04.11"]
[Round "4"]
[White "Bentsen, Oyvind"]
[Black "Reppen, Sigmund"]
[Result "1-0"]
[WhiteElo "2211"]
[BlackElo "2043"]
[PlyCount "57"]
[EventDate "2006.04.08"]
[EventType "swiss"]
[EventRounds "9"]
[EventCountry "NOR"]
[SourceTitle "CBM 111 Extra"]
[Source "ChessBase"]
[SourceDate "2006.05.09"]
[SourceVersion "1"]
[SourceVersionDate "2006.05.09"]
[SourceQuality "1"]

1. e4 e5 2. Nf3 Nc6 3. Bc4 Nf6 4. Ng5 d5 5. exd5 Na5 6. Bb5+ c6 7. dxc6 bxc6 8. Be2 h6 9. Nf3 e4 10. Ne5 Qd4 11. f4 Bc5 12. Rf1 Bb6 13. c3 Qd6 14. b4 Nb7 15. Na3 Nd5 16. Nac4 Qf6 17. g3 Bh3 18. Nxb6 axb6 19. Rf2 g5 20. Bg4 Bxg4 21. Qxg4 Rd8 22. Qh5 gxf4 23. c4 Nxb4 24. Rxf4 Qe6 25. Rxf7 Nd3+ 26. Kd1 Nxe5 27. Rf6+ Kd7 28. Rxe6 Kxe6 29. Bb2 1-0

[Event "NOR-ch op"]
[Site "Oslo"]
[Date "2006.04.10"]
[Round "3"]
[White "Reppen, Sigmund"]
[Black "Johannessen, Svein"]
[Result "1/2-1/2"]
[WhiteElo "2043"]
[BlackElo "2252"]
[PlyCount "40"]
[EventDate "2006.04.08"]
[EventType "swiss"]
[EventRounds "9"]
[EventCountry "NOR"]
[SourceTitle "CBM 111 Extra"]
[Source "ChessBase"]
[SourceDate "2006.05.09"]
[SourceVersion "1"]
[SourceVersionDate "2006.05.09"]
[SourceQuality "1"]

1. e4 e5 2. Nf3 Nc6 3. d4 exd4 4. Bc4 g6 5. Nxd4 Bg7 6. Nxc6 bxc6 7. 0-0 d6 8. Nc3 Be6 9. Qe2 Ne7 10. Bg5 h6 11. Bh4 Bxc4 12. Qxc4 g5 13. Bg3 Qd7 14. Rae1 Qe6 15. Qxe6 fxe6 16. Nd1 Ng6 17. f4 gxf4 18. Bxf4 Nxf4 19. Rxf4 Bd4+ 20. Kh1 Be5 1/2-1/2